| 000 | 01517cam a22004454i 4500 | ||
|---|---|---|---|
| 003 | PE-LiUPU | ||
| 005 | 20250731173505.0 | ||
| 008 | 150616s1993 miu r 000 0 spa d | ||
| 035 | _a(Sirsi) a7049 | ||
| 040 |
_aPE-LiUPU _bspa _cPE-LiUPU _erda |
||
| 049 | _aPRUA | ||
| 082 | 0 | 4 |
_a270.4 _bB82 _221 |
| 100 | 1 |
_aBredero, Adrián H., _eautor. |
|
| 245 | 1 | 0 |
_aChristendom and Christianity in the Middle Ages / _cAdrian H. Bredero.. |
| 264 | 1 |
_aMichigan : _bW.B. Eerdmans Publishing Company, _c1993. |
|
| 300 |
_a402 páginas ; _c23 centímetros |
||
| 336 |
_atext _2rdacontent |
||
| 337 |
_aunmediated _2rdamedia |
||
| 338 |
_avolume _2rdacarrier |
||
| 505 | 0 | _aHistoria del 600-1500 historia Cristianismo. | |
| 526 | _aSEG42 | ||
| 526 | _aSEG41 | ||
| 526 | _aSEG40 | ||
| 526 | _aSEG39 | ||
| 526 | _aP94 | ||
| 526 | _aP87 | ||
| 526 | _aP86 | ||
| 526 | _aP85 | ||
| 526 | _aP77 | ||
| 526 | _aP76 | ||
| 526 | _aP35 | ||
| 650 | 0 | 4 | _aCristianismo - Historia mediaval, 600-1500. |
| 910 |
_ajck _bjvq _cjck |
||
| 942 |
_2ddc _cBOOK |
||
| 949 |
_a270.4 B82 _wDEWEY _c1 _i40456 _lCCODEBUL1 _mBUL _p00.00 _r0 _sY _tBOOK _u19960122 _xTEOLOGIA _zUNKNOWN _0COMPRA _o.STAFF. Colección General |
||
| 994 |
_aC0 _bPEPRU |
||
| 596 | _a1 | ||
| 999 |
_a270.4 B82 _wDEWEY _c58249 _i40456 _d58249 _e2017-9-20 _f2021-11-11 _g5 _lCCODEBUL1 _mBUL _n1 _p23.00 _r0 _sY _tBOOK _u2015-6-16 _xTEOLOGIA _zUNKNOWN _0COMPRA _o.STAFF. Colección Teología |
||
| 980 |
_81 _gALBERTO SANCHEZ Responsable de Automatización |
||